| 000 | 00444nam a22001817a 4500 | ||
|---|---|---|---|
| 003 | LK-CoDNM | ||
| 005 | 20250103145836.0 | ||
| 008 | 241220b |||||||| |||| 00| 0 eng d | ||
| 040 |
_aLK-CoDNM _dLK-CoDNM _eLK-CoDNM |
||
| 041 | _aeng | ||
| 080 |
_a4a _bAA19 |
||
| 100 | _aASTLEY,D HUBERT D | ||
| 245 | _a THE AVICULTURAL MAGAZINE: | ||
| 260 |
_alondon _c1914 |
||
| 300 | _axii, 386p. : ill ; 24 cm | ||
| 650 | _ascience | ||
| 942 | _cBK | ||
| 999 |
_c234858 _d234858 |
||